Archaeo-anthropology of conflicts in France : from the earlier Middle Ages to the Second World War /

This work is the result of a collective research project, Archaeology and Anthropology of Conflicts (2020-2022), which brought together around thirty researchers from various disciplinary backgrounds in anthropology, archaeology, history and genetics. Its aim was both to inventory sites related to t...

Full description

Bibliographic Details
Other Authors: Verna, Emeline, 1988- (Editor), Cabot, Elodie (Editor), Desfossés, Yves (Editor), Signoli, Michel (Editor)
Format: Book
Language:English
Language Notes:Abstracts in English and French.
Published: Oxford, UK : BAR Publishing, 2025.
Series:BAR international series ; 3225.
Subjects:

MARC

Tag First Indicator Second Indicator Subfields
LEADER 00000cam a2200000 i 4500
001 in00005779901
005 20260501151405.3
008 250823s2025 enkab b 000 0 eng c
010 |a  2025432574 
040 |a DLC  |e rda  |c DLC  |d TXA 
020 |a 9781407362892  |q (paperback) 
020 |a 1407362895  |q (paperback) 
020 |z 9781407362908  |q (e-format) 
035 |a (OCoLC)1534272734 
041 0 |a eng  |b fre 
043 |a e-fr--- 
050 0 0 |a DC45.7  |b .A59 2025 
082 0 0 |a 944  |2 23 
245 0 0 |a Archaeo-anthropology of conflicts in France :  |b from the earlier Middle Ages to the Second World War /  |c edited by Emeline Verna, Elodie Cabot, Yves Desfossés, and Michel Signoli. 
264 1 |a Oxford, UK :  |b BAR Publishing,  |c 2025. 
300 |a xi, 188 pages :  |b illustrations (some color), maps, plans ;  |c 30 cm. 
336 |a text  |b txt  |2 rdacontent 
337 |a unmediated  |b n  |2 rdamedia 
338 |a volume  |b nc  |2 rdacarrier 
490 1 |a BAR international series ;  |v 3225 
504 |a Includes bibliographical references (pages 177-188). 
546 |a Abstracts in English and French. 
505 0 |a Some examples of conflicts over the centuries : from early Middles Ages to 19th. Kill, die, bury : war violence in the early Middle Ages / Jehanne Roul ; The Battle of Verneuil (17 August 1424) from the battlefield archaeology viewpoint / Thomas Guérin ; A crisis cemetery from the late Middle Ages in Anzin-Saint-Aubin (Pas-de-Calais) / Laetitia Dalmau, Déborah Delobel ; Auxi-le-Château (France, 16th-17th century) : a group of soldiers from the France-Spain realms border / Aurélie Mayer, Pauline Lhommel, Rémi Barbieri, Michel Signoli, Caroline Costedoat ; A skeleton on the island of Houat, witness to the Franco-English naval wars of the 16th-17th centuries / Elodie Cabot, Mathilde Ducloyer, Guillaume Visseaux ; From archaeology to history : the case of mortality crisis management in Nice (Alpes-Maritimes) at the end of the modern period / Bérangère Jossier, Fanny Lelandais, Romuald Mercurin ; Between war and epidemic : an anthropological approach to a soldiers' grave during the War of Spanish Succession (Douai) / Michel Signoli ; Mass graves from the battle of Le Mans (1793) / Élodie Cabot, Pierre Chevet, Véronique Gendrot ; Soldiers from An II in the Trois-Maisons cemetery in Nancy (Meurthe-et-Moselle) / Stéfan Tzortzis, Laetitia Lanteri, Myriam Dhor-Combe, Michel Signoli ; The battle of Reichshoffen-Woerth (August 6, 1870) : the French 99th regiment / Emeline Verna, Marine Meucci, Thierry Vette, Caroline Costedoat ; Giving a name to the deceased : the use of genetic tools in the process of identifying soldiers / Caroline Costedoat -- The two world wars on French soil. Some cases of isolated burials of soldiers of World War I (Aisne) / Nadège Robin, Gilles Desplanque ; The burial trench at the Châtelet-sur-Retourne site (August 1914) / Emeline Verna, Marine Meucci, Yves Desfossés, Loreleï Margely-Lardeyret, Elodie Cabot, Franck Torres, Michel Signoli, Caroline Costedoat ; Identifying Commonwealth soldier through war trauma : a case study of Private Herbert Greaves / Loreleï Margely-Lardeyret, Stephan Naji ; Discovery of three German soldiers of the First World War : 1914 in Boissy-Frenoy (Oise) / Danaël Veyssier ; Land-use planning and the accidental discovery of military mortal remains : how to find the right balance? The case of Ablaincourt-Pressoir / Marine Meucci, Emeline Verna, Maëlle Pillorget, Manon Ehrhart, Bastien Ledieu, Caroline Costedoat ; Janus--looking back, looking forward : a retrospective on the recovery and analysis of artefacts for identifying World War One soldiers from mass graves, Fromelles, northern France / Louise Loe, Margaret Cox, Kate Brady ; An archaeology of medicine during the Great War : excavation of the hospital center in Savenay (Loire-Atlantique) and the American hospitals in western France (1917-1920) / Antoine Le Boulaire ; Discovery and identification of a Second World War Moroccan rifleman / Marine Meucci, Emeline Verna, Caroline Costedoat ; Beauvais (Oise) : study of a Luftwaffe temporary cemetery, 1940-1942 / Laetitia Bouniol, Jean-Marc Femolant, Emeline Verna. 
520 |a This work is the result of a collective research project, Archaeology and Anthropology of Conflicts (2020-2022), which brought together around thirty researchers from various disciplinary backgrounds in anthropology, archaeology, history and genetics. Its aim was both to inventory sites related to these contexts and to illustrate, through specific cases, the diversity of situations encountered across time and space. War often leads to extraordinary mortality, raising questions about how the living adapt to the abnormality of death in the management of the deceased. How did survivors, comrades-in-arms, enemies or even civilians handle corpses, balancing funeral traditions with urgent sanitary concerns? This volume brings together twenty articles that highlight the wide variety of funerary practices and presents burial sites ranging from the Early Middle Ages to the twentieth century. These sites are analyzed through both an archaeological and a memorial perspective. 
651 0 |a France  |x Antiquities. 
650 0 |a Military archaeology  |z France. 
650 0 |a Burial  |z France  |x History. 
650 0 |a Excavations (Archaeology)  |z France. 
650 0 |a Funeral rites and ceremonies  |z France  |x History. 
700 1 |a Verna, Emeline,  |d 1988-  |e editor. 
700 1 |a Cabot, Elodie,  |e editor. 
700 1 |a Desfossés, Yves,  |e editor. 
700 1 |a Signoli, Michel,  |e editor. 
830 0 |a BAR international series ;  |v 3225. 
948 |a dmitchel 5/1/26 10.10.10 
994 |a Z0  |b TXA 
999 f f |i 0f7a8a80-6580-4afa-ab89-6f98c22db0bd  |s 11ce25eb-edfb-4ed0-9d71-664b4a96d732  |t 0 
952 f f |p newbook  |a Texas A&M University  |b College Station  |c Sterling C. Evans Library  |s Evans nbs  |d Evans: New Book Shelves (1st floor)  |t 0  |e DC45.7 .A59 2025  |h Library of Congress classification  |i unmediated -- volume 
952 f f |p newbook  |a Texas A&M University  |b College Station  |c Sterling C. Evans Library  |s Evans stk  |d Evans: Library Stacks  |t 0  |e DC45.7 .A59 2025  |h Library of Congress classification  |i unmediated -- volume  |m A14852408831 
998 f f |a DC45.7 .A59 2025  |t 0  |l Evans: Library Stacks